Visualizzazione normale
Vista MARC
- Angeli Ivan
di Personal Name
Records bibliografici associati: 1
001 - CONTROL NUMBER
- control field: 36741
003 - CONTROL NUMBER IDENTIFIER
- control field: IT-RoPau
005 - DATE AND TIME OF LATEST TRANSACTION
- control field: 20151125151343.0
008 - FIXED-LENGTH DATA ELEMENTS
- fixed length control field: 151125|| aca||aabn | a|a d
040 ## - CATALOGING SOURCE
- Original cataloging agency: IT-RoPau
- Transcribing agency: IT-RoPau
100 ## - HEADING--PERSONAL NAME
- Personal name: Angeli Ivan
- Miscellaneous information: Codice regista SPICS: 11291
670 ## - SOURCE DATA FOUND
- Source citation: Work cat.: (IT-RoPau)104622: Angeli Ivan Codice regista SPICS: 11291, DON MILANI DON MILANI (Rif. Codice opera principale : V0985)